<?xml version='1.0' encoding='UTF-8'?>
  <record xmlns="http://www.loc.gov/MARC21/slim">
    <leader>00000cam a2200000 i 4500</leader>
    <controlfield tag="001">ocn902601370</controlfield>
    <controlfield tag="003">OCoLC</controlfield>
    <controlfield tag="005">20250714053840.6</controlfield>
    <controlfield tag="008">150130s1571    xx            000 0 ger d</controlfield>
    <datafield tag="040" ind1=" " ind2=" ">
      <subfield code="a">NLGGC</subfield>
      <subfield code="b">eng</subfield>
      <subfield code="e">rda</subfield>
      <subfield code="e">dcrmr</subfield>
      <subfield code="c">NLGGC</subfield>
      <subfield code="d">QGJ</subfield>
      <subfield code="d">OCLCL</subfield>
      <subfield code="d">QGJ</subfield>
    </datafield>
    <datafield tag="029" ind1="0" ind2=" ">
      <subfield code="a">NLGGC</subfield>
      <subfield code="b">388966874</subfield>
    </datafield>
    <datafield tag="035" ind1=" " ind2=" ">
      <subfield code="a">(OCoLC)902601370</subfield>
    </datafield>
    <datafield tag="110" ind1="1" ind2=" ">
      <subfield code="a">Holy Roman Empire.</subfield>
      <subfield code="b">Emperor (1564-1576 : Maximilian II),</subfield>
      <subfield code="e">issuing body.</subfield>
      <subfield code="4">isb</subfield>
    </datafield>
    <datafield tag="245" ind1="1" ind2="0">
      <subfield code="a">Copi der kayserliche[n] Mayestat Mandats, die Müntzordnung betreffen, den xx. Januarij anno M/D.LXXJ. aussgangen.</subfield>
    </datafield>
    <datafield tag="246" ind1="3" ind2=" ">
      <subfield code="a">Copi der Kayserlichē Mayestat Mandats, die Müntzordnung betreffen, den xx. Januarij</subfield>
    </datafield>
    <datafield tag="264" ind1=" " ind2="1">
      <subfield code="a">[Nuremberg?] :</subfield>
      <subfield code="b">[publisher not identified],</subfield>
      <subfield code="c">Anno M.D.LXXI [1571]</subfield>
    </datafield>
    <datafield tag="300" ind1=" " ind2=" ">
      <subfield code="a">[71] pages :</subfield>
      <subfield code="b">woodcut illustrations ;</subfield>
      <subfield code="c">16 cm (8vo)</subfield>
    </datafield>
    <datafield tag="336" ind1=" " ind2=" ">
      <subfield code="a">text</subfield>
      <subfield code="b">txt</subfield>
      <subfield code="2">rdacontent</subfield>
    </datafield>
    <datafield tag="337" ind1=" " ind2=" ">
      <subfield code="a">unmediated</subfield>
      <subfield code="b">n</subfield>
      <subfield code="2">rdamedia</subfield>
    </datafield>
    <datafield tag="338" ind1=" " ind2=" ">
      <subfield code="a">volume</subfield>
      <subfield code="b">nc</subfield>
      <subfield code="2">rdacarrier</subfield>
    </datafield>
    <datafield tag="340" ind1=" " ind2=" ">
      <subfield code="m">8vo</subfield>
      <subfield code="2">rdabf</subfield>
    </datafield>
    <datafield tag="500" ind1=" " ind2=" ">
      <subfield code="a">Probably printed in Nuremberg (VD 16).</subfield>
    </datafield>
    <datafield tag="500" ind1=" " ind2=" ">
      <subfield code="a">On verso title page: "[...] Maximilian der ander / von Gottes gnaden [...] Römischer Kayser / zu allen zeiten Mehrer des Reichs In Germaniē / zu Hungern / Behaim / [...]</subfield>
    </datafield>
    <datafield tag="500" ind1=" " ind2=" ">
      <subfield code="a">Foreword on page [11] signed: Geben auff unserm Königlichen Schloß zu Prag / den 20, tag des Monats Januarij / Anno [...] im 71 unserer Reiche [...]. Ad mandatum Sacrae Caesariae Maiestatis proprium.</subfield>
    </datafield>
    <datafield tag="500" ind1=" " ind2=" ">
      <subfield code="a">Final page blank.</subfield>
    </datafield>
    <datafield tag="500" ind1=" " ind2=" ">
      <subfield code="a">Imprint: Anno M.D.LXXI. außgangen.</subfield>
    </datafield>
    <datafield tag="500" ind1=" " ind2=" ">
      <subfield code="a">Includes: Verzaichnus der Bösen Müntzsorten, welche vor der zeit biss auff dato den Reichs Müntzordnungen und Kraissabschiden gemess verbotten und zu underschiedlichen malen angeschlagen worden, deren man sich auch innhalt des jüngst publicirten Speyrischen Reichs abschieds unnd eins Er.Raths zu Nürmberg darauff ervolgten Mandats daselbsten auch in irem gebiet zwischen dato unnd dem ersten Martii nechstkünfftig entledigen soll. Actum ix. Januarij 1571. (With separate title page).</subfield>
    </datafield>
    <datafield tag="500" ind1=" " ind2=" ">
      <subfield code="a">Collational formula: [A]⁸, B-D⁸, E⁴.</subfield>
    </datafield>
    <datafield tag="500" ind1=" " ind2=" ">
      <subfield code="a">Quires signed B, C, Cij, D, Dij, E.</subfield>
    </datafield>
    <datafield tag="510" ind1="4" ind2=" ">
      <subfield code="a">Rijksuniversiteit te Utrecht. Pamfletten niet voorkomende in afzonderlijk gedrukte catalogi der verzamelingen in andere openbare Nederlandsche bibliotheken,</subfield>
      <subfield code="c">280</subfield>
    </datafield>
    <datafield tag="510" ind1="4" ind2=" ">
      <subfield code="a">Verzeichnis der im deutschen Sprachbereich erschienenen Drucke des 16. Jahrhunderts (VD 16),</subfield>
      <subfield code="c">ZV 34147</subfield>
      <subfield code="u">https://gateway-bayern.de/VD16+ZV+34147</subfield>
    </datafield>
    <datafield tag="650" ind1=" " ind2="0">
      <subfield code="a">Coins, European</subfield>
      <subfield code="v">Early works to 1800.</subfield>
    </datafield>
    <datafield tag="650" ind1=" " ind2="0">
      <subfield code="a">Coins, European</subfield>
      <subfield code="v">Handbooks, manuals, etc.</subfield>
    </datafield>
    <datafield tag="650" ind1=" " ind2="6">
      <subfield code="a">Monnaies européennes</subfield>
      <subfield code="v">Ouvrages avant 1800.</subfield>
    </datafield>
    <datafield tag="650" ind1=" " ind2="6">
      <subfield code="a">Monnaies européennes</subfield>
      <subfield code="v">Guides, manuels, etc.</subfield>
    </datafield>
    <datafield tag="650" ind1=" " ind2="7">
      <subfield code="a">Coins, European</subfield>
      <subfield code="2">fast</subfield>
    </datafield>
    <datafield tag="655" ind1=" " ind2="7">
      <subfield code="a">Early works</subfield>
      <subfield code="2">fast</subfield>
    </datafield>
    <datafield tag="655" ind1=" " ind2="7">
      <subfield code="a">Handbooks and manuals</subfield>
      <subfield code="2">fast</subfield>
    </datafield>
    <datafield tag="700" ind1="0" ind2=" ">
      <subfield code="a">Maximilian</subfield>
      <subfield code="b">II,</subfield>
      <subfield code="c">Holy Roman Emperor,</subfield>
      <subfield code="d">1527-1576.</subfield>
      <subfield code="1">https://id.oclc.org/worldcat/entity/E39PBJppC76796dVYgjk8CV6Kd</subfield>
    </datafield>
    <datafield tag="740" ind1="0" ind2=" ">
      <subfield code="a">Verzaichnus der Bösen Müntzsorten, welche vor der zeit biss auff dato den Reichs Müntzordnungen und Kraissabschiden gemess verbotten und zu underschiedlichen malen angeschlagen worden</subfield>
    </datafield>
    <datafield tag="758" ind1=" " ind2=" ">
      <subfield code="i">has work:</subfield>
      <subfield code="a">Copi der kayserlichen Mayestat Mandats, die Müntzordnung betreffen, den xx. Januarii anno 1571 aussgangen (Text)</subfield>
      <subfield code="1">https://id.oclc.org/worldcat/entity/E39PD3XhtkMVXjdGcxtxcBbHP3</subfield>
      <subfield code="4">https://id.oclc.org/worldcat/ontology/hasWork</subfield>
    </datafield>
  </record>